References to the First World War in Lithuanian Memoirs and Publications during the Interwar Period

Titel: References to the First World War in Lithuanian Memoirs and Publications during the Interwar Period : 'And Lithuania moaned under the iron fist of the invaders' / Vygantas Vareikis
Verfasser:
In: ˜Theœ Great War in Lithuania and Lithuanians in the Great War: experiences and memories, (2017), Seite 165-185
alle Artikel anzeigen
Veröffentlicht: 2017
Format: Aufsatz
Sprache: Englisch
Schlagworte:
Kein Bild verfügbar
X
alg: 43800439
001A    $03025:26-10-18 
001B    $01999:26-10-18 $t23:04:32.000 
001D    $03025:26-10-18 
001U    $0utf8 
001X    $00 
002@    $0Aou 
002C    $aText $btxt $2rdacontent 
002D    $aohne Hilfsmittel zu benutzen $bn $2rdamedia 
002E    $aBand $bnc $2rdacarrier 
003@    $0438004396 
007A    $0438004396 $aHEB 
010@    $aeng 
010E    $erda 
011@    $a2017 
021A    $aReferences to the First World War in Lithuanian Memoirs and Publications during the Interwar Period $d'And Lithuania moaned under the iron fist of the invaders' $hVygantas Vareikis 
028A    $BVerfasser $#Vareikis, V. $#Varejkis, Vigantas $#Vareikis, Vigantas $#Варейкис, Вигантас $4aut $71051687772 $8Vareikis, Vygantas$Z1960- [Tp1] $9340686324 
031A    $g21 $h165-185 $j2017 
039B    $aEnthalten in $8--Aau--. The @Great War in Lithuania and Lithuanians in the Great War: experiences and memories. - Klaipėda : Klaipėdos universiteto leidykla, 2017. - 238 Seiten $x201700000000000835 $9434658367 
044K    $RLitovskaja Gubernija $RLitauische Sozialistische Sowjetrepublik $#Litauen $#Litauen $#Lithuania $#Lietuvos Respublika $#République Lithuanienne $#Lithuanie $#Litva 1918 - 1940, 1991, 9 - $#Litovskaja Respublika $#Lithuania 1918 - 1940, 1991, 9 - $#Republik Litauen $#Republic of Lithuania $#Lithuanian Republic $#Litauische Republik $#Lietuva $74074266-0 $8Litauen [Tg1] $9085209074 
044K    $RDeutsches Sprachgebiet $RDeutschland $RDeutschland $#Deutsche Länder $#Germany Deutschland $#Heiliges Römisches Reich $#Rheinbund $#Deutscher Bund $#Norddeutscher Bund $#Deutsches Reich $#Deutschland Gebiet unter Alliierter Besatzung $#Deutschland Bundesrepublik, 1990- $#BRD 1990- $#Federal Republic of Germany Deutschland $#Republic of Germany Deutschland $#Allemagne Deutschland $#Ǧumhūrīyat Almāniyā al-Ittiḥādīya $#Bundesrepublik Deutschland 1990- $#BRD $#Niemcy $#République Fédérale d'Allemagne Deutschland $#Repubblica Federale di Germania Deutschland $#Germanija $#Federativnaja Respublika Germanija $#FRG $#Deyizhi-Lianbang-Gongheguo $74011882-4 $8Deutschland [Tg1] $9085025550 
044K    $RWeltgeschichte $RWeltkrieg $#World War, 1914-1918 $#Guerre mondiale (1914-1918) $#Erster Weltkrieg $#1. Weltkrieg $74079163-4 $8Weltkrieg$g1914-1918 [Ts1] $9085224588 
044K    $RRüstung $#Militari $#Militär $#Militär $#Heerwesen $#Kriegswesen $#Streitkräfte $#Wehrwesen $#Militärwesen $#Armee Militär $74039305-7 $8Militär [Tsz] $9085107107 
044K    $RGedächtnis $RGedenken $#Recollection (Psychology) $#Rappel (psychologie) $#Erinnerung $#Erinnern $74015272-8 $8Erinnerung [Ts1] $9085034711 
044K    $74458873-2 $8Besatzung$gMilitär [Ts1] $9088898563 
044K    $RPublizistikwissenschaft $#Journalism $#Journalisme $#Publizistik $74047770-8 $8Publizistik [Ts1] $9085133213 
045F    $a355.009479309042 $eDDC23BSB 
045F/01 $a355.009 
045F/03 $f09042 
045F/03 $f09043 
045F/03 $g4793 
045R/01 $aGeschichte 1918-1939 
046L    $aLitauische Zusammenfassung unter dem Titel: „lr sudejavo Lietuva po geležine okupantu̧ ranka": nuorodos i̧ Pirmaj̧i̧ pasaulini̧ kara̧ atsiminimuose ir publicistikoje Lietuvoje tarpukariu 

lok: 43800439 78

exp: 43800439 78 1 #EPN
201B/01 $026-10-18 $t10:23:03.000 
201C/01 $026-10-18 
201U/01 $0utf8 
203@/01 $01031331271 
208@/01 $a26-10-18 $be 
209A/01 $a/ $f000 $x00 
209A/01 $ab*p $x01 
220C/01 $akoe 
247C/01 $82080>Marburg/Lahn, Herder-Institut, Forschungsbibliothek, Bibliographieportal $9336309341
LEADER 00000caa a2200000 c 4500
001 438004396
003 DE-603
005 20181026230432.0
007 tu
008 181026s2017 xx |||| | u00||u|eng c
035 |a (DE-599)HEB438004396 
040 |a DE-603  |b ger  |c DE-603  |d DE-603  |e rda 
041 |a eng 
082 0 4 |8 1\u  |a 355.009479309042  |q DE-101  |2 23/BSB 
085 |8 1\u  |b 355.009 
085 |8 1\u  |z 1  |s 09042 
085 |8 1\u  |z 1  |s 09043 
085 |8 1\u  |z 2  |s 4793 
100 1 |a Vareikis, Vygantas  |d 1960-  |e Verfasser  |4 aut  |0 (DE-603)340686324  |0 (DE-588)1051687772  |2 gnd 
245 0 0 |a References to the First World War in Lithuanian Memoirs and Publications during the Interwar Period  |b 'And Lithuania moaned under the iron fist of the invaders'  |c Vygantas Vareikis 
264 0 |c 2017 
336 |a Text  |b txt  |2 rdacontent 
337 |a ohne Hilfsmittel zu benutzen  |b n  |2 rdamedia 
338 |a Band  |b nc  |2 rdacarrier 
546 |a Litauische Zusammenfassung unter dem Titel: „lr sudejavo Lietuva po geležine okupantu̧ ranka": nuorodos i̧ Pirmaj̧i̧ pasaulini̧ kara̧ atsiminimuose ir publicistikoje Lietuvoje tarpukariu 
648 7 |a Geschichte 1918-1939  |2 gnd 
650 7 |a Weltkrieg  |g 1914-1918  |0 (DE-588)4079163-4  |0 (DE-603)085224588  |2 gnd 
650 7 |a Militär  |0 (DE-588)4039305-7  |0 (DE-603)085107107  |2 gnd 
650 7 |a Erinnerung  |0 (DE-588)4015272-8  |0 (DE-603)085034711  |2 gnd 
650 7 |a Besatzung  |g Militär  |0 (DE-588)4458873-2  |0 (DE-603)088898563  |2 gnd 
650 7 |a Publizistik  |0 (DE-588)4047770-8  |0 (DE-603)085133213  |2 gnd 
651 7 |a Litauen  |0 (DE-588)4074266-0  |0 (DE-603)085209074  |2 gnd 
651 7 |a Deutschland  |0 (DE-588)4011882-4  |0 (DE-603)085025550  |2 gnd 
773 0 8 |i Enthalten in  |t ˜Theœ Great War in Lithuania and Lithuanians in the Great War: experiences and memories  |d Klaipėda : Klaipėdos universiteto leidykla, 2017  |h 238 Seiten  |g (2017), Seite 165-185  |w (DE-603)434658367 
924 0 |9 2080  |a (DE-603)1031331271  |b DE-2080  |c HES  |d d  |g /